| 000 | 01189nam0a22002531 4500 | ||
|---|---|---|---|
| 001 | rc\2627849 | ||
| 005 | 20250623144435.0 | ||
| 035 | _a(NLR Aleph) 006791366 | ||
| 090 |
_a6147527 _c6147527 |
||
| 100 | _a20110914d1931 |||y0rusy50 ca | ||
| 101 | 0 | _arus | |
| 102 | _aRU | ||
| 105 | _aa z ||||| | ||
| 200 | 1 |
_aТехника безопасности в нефтяной промышленности _fГорн. Инж. В. М. Гауфман |
|
| 210 |
_aМосква _aЛенинград _cОгиз - Гос. соц.-экон. изд-во _d1931 _eМосква _gтип. газ. "Правда" |
||
| 215 |
_a31 с., 1 с. объявл. _cил. _d17х21 см. |
||
| 225 | 1 |
_aПопулярная библиотека по технике безопасности в горной промышленности _fПод редакцией главного горно-технического инспектора НКТ СССР профессора В. Л. Биленко _vВып. 13 |
|
| 700 | 1 |
_aГауфман _bВ.М. _gВладимир Маркович |
|
| 801 | 0 |
_aRU _bNLR _gpsbo |
|
| 801 | 1 |
_aRU _bELAR _2rusmarc |
|
| 852 |
_aNLR _j31-8/990 |
||
| 942 | _cBOOK | ||
| 980 | _aNB | ||